00529nam a2200169Ia 4500100002700000650002500027942000700052366000700059654001500066245003000081260003700111082001500148300000800163546002400171999001700195952014700212 aMc Carthy/Michael etc  aCommunication skills cBK f25 avocabulary aEnglish Vocabulary in use bCambridge University Pressc2001 a371.2bMCC a296 aENGLISHcproduction c20784d20784 001040708CRCaCRCEbCRCEd2023-03-17eAllied Publishersg127.50i354 dt 30/04/2010l0o371.2 MCCp20656r2023-03-17v170.00w0000-00-00yBK